| 000 | 00829nam a22002537a 4500 | ||
|---|---|---|---|
| 001 | 3913 | ||
| 003 | FISKH | ||
| 005 | 20240528102557.0 | ||
| 008 | 240523b cb ||||| |||| 00| 0 eng d | ||
| 040 |
_aFISK _beng _cFISK _dFISK |
||
| 050 | _aPZ7.S3768 | ||
| 082 | _a813.6 | ||
| 100 |
_aSchraff Anne _d1939- |
||
| 245 | _aA matter of trust / | ||
| 260 |
_aNew York : _bScholastic , _c2007 |
||
| 300 |
_a125 pages : _c18 cm |
||
| 505 | _aM | ||
| 520 | _aThis book centers on Darcy's growing conflict with her old friend, Brisana Meeks. Amid jealousy and competition, Darcy fights for her relationship with Hakeem Randall and struggles with her fears over her own family's future. | ||
| 521 | 8 |
_a750
_bLexile |
|
| 521 | 8 |
_aM
_bRaz-Plus |
|
| 700 | _aAnne Schraff | ||
| 942 |
_2ddc _cBK _n0 |
||
| 999 |
_c3913 _d3913 |
||